书目信息 |
| 题名: |
社会主义荣辱观理论教程
|
|
| 作者: | 宇文利 撰稿 | |
| 分册: | ||
| 出版信息: | 北京 世界图书出版公司北京公司 2006 |
|
| 页数: | 193页 | |
| 开本: | 23cm | |
| 丛书名: | ||
| 单 册: | ||
| 中图分类: | G641 | |
| 科图分类: | ||
| 主题词: | 思想政治教育 , 思想政治教育--高等学校--教材 | |
| 电子资源: | ||
| ISBN: | 7-5062-8181-3 | |
| 000 | 00963nam0 2200277 450 | |
| 001 | 070730000165 | |
| 005 | 20071015095442.32 | |
| 010 | @a7-5062-8181-3@dCNY18.00 | |
| 035 | @a003213121 | |
| 100 | @a20060618d2006 em y0chiy0110 ea | |
| 101 | 0 | @achi |
| 102 | @aCN@b110000 | |
| 105 | @ay z 000yy | |
| 200 | 1 | @a社会主义荣辱观理论教程@Ashe hui zhu yi rong ru guan li lun jiao cheng@f宇文利[等]撰稿 |
| 210 | @a北京@c世界图书出版公司北京公司@d2006 | |
| 215 | @a193页@d23cm | |
| 300 | @a中国出版2006年重点项目 | |
| 304 | @a撰稿人还有:秦维红、程立显、赵志川、傅志勇、王浩雷 | |
| 304 | @a北京大学马克思主义学院德育研究所组编 | |
| 330 | @a本书内容包括荣辱观概论、社会主义荣辱观的提出、社会主义荣辱观的科学内涵、社会主义荣辱观的精神实质、树立和坚持社会主义荣辱观。 | |
| 606 | 0 | @a思想政治教育 |
| 606 | 0 | @a思想政治教育@x高等学校@j教材 |
| 690 | @aG641@v4 | |
| 701 | 0 | @a宇文利@Ayu wen li@f(1972~)@4撰稿 |
| 801 | 0 | @aCN@c20071015 |
| 905 | @dG641@eY828 | |
| 社会主义荣辱观理论教程/宇文利[等]撰稿.-北京:世界图书出版公司北京公司,2006 |
| 193页;23cm |
| 中国出版2006年重点项目 |
| ISBN 7-5062-8181-3:CNY18.00 |
| 本书内容包括荣辱观概论、社会主义荣辱观的提出、社会主义荣辱观的科学内涵、社会主义荣辱观的精神实质、树立和坚持社会主义荣辱观。 |
| ● |
| 相关链接 |
|
|
|
正题名:社会主义荣辱观理论教程
索取号:G641/Y828
 
预约/预借
| 序号 | 登录号 | 条形码 | 馆藏地/架位号 | 状态 | 备注 |
| 1 | 650378 | 206503782 | 社科库409/409社科库 10排2列5层/ [索取号:G641/Y828] | 在馆 |